Meranie a kontrola v elektrotechnológii 2

Saved in:
Bibliographic Details
Main Author: Nepraš, Ivan (Author)
Format: Book
Language:Slovak
Published: Bratislava : SVŠT v Bratislave, 1986
Edition:3.vyd.
Tags: Add Tag
No Tags, Be the first to tag this record!

MARC

LEADER 00000nam a22000003a 4500
001 stu33549
005 20240916134239.5
008 981029s1986------------------------slo-d
040 |a STU  |b slo 
041 0 |a slo 
100 1 |a Nepraš, Ivan  |4 aut 
245 1 |a Meranie a kontrola v elektrotechnológii 2 
250 |a 3.vyd. 
260 |a Bratislava :  |b SVŠT v Bratislave,  |c 1986 
300 |a 368 s 
996 |b E59832  |c E*59832  |l EE01  |s A  |a 24  |w stu33549_0001